<?xml version="1.0" encoding="UTF-8"?>
<collection xmlns="http://www.loc.gov/MARC21/slim">
  <record>
    <leader>00000nam  2200000   4500</leader>
    <controlfield tag="001">INLIS000000000002078</controlfield>
    <controlfield tag="005">20180724144013</controlfield>
    <controlfield tag="008">180724|||||||||   |   |||   |||| ||   | </controlfield>
    <datafield tag="035" ind1=" " ind2=" ">
      <subfield code="0">010-0718002078</subfield>
    </datafield>
    <datafield tag="041" ind1=" " ind2=" ">
      <subfield code="a">id</subfield>
    </datafield>
    <datafield tag="082" ind1=" " ind2=" ">
      <subfield code="a">R.01 PIM I 2016</subfield>
    </datafield>
    <datafield tag="090" ind1=" " ind2=" ">
      <subfield code="a">R.01 PIM I 2016</subfield>
    </datafield>
    <datafield tag="100" ind1=" " ind2=" ">
      <subfield code="a">Setyanto, Guntur</subfield>
    </datafield>
    <datafield tag="245" ind1=" " ind2=" ">
      <subfield code="a">Grand Design Dan Implementasi Pengembangan, Peningkatan Kualitas Penyidik dan Penyidik Pembantu Polri Berbasis Mentor Di Direktorat Reserse Kiminal Khusus Polda Papua</subfield>
    </datafield>
    <datafield tag="260" ind1=" " ind2=" ">
      <subfield code="a">Jakarta</subfield>
      <subfield code="b">LAN Jakarta</subfield>
      <subfield code="c">2016</subfield>
    </datafield>
    <datafield tag="300" ind1=" " ind2=" ">
      <subfield code="a">35 hlm.; lamp.;</subfield>
    </datafield>
    <datafield tag="500" ind1=" " ind2=" ">
      <subfield code="a">Pelatihan peningkatan SDM penyidik dan penyidik pembantu Polri berbasis mentor ini mempunyai cakupan manfaat diantaranya adalah akan membentuk team work yang solid, biaya murah, modal untuk mendapatkan sertifikasi penyidik, menghasikan penyidik berkemampuan standart, handal/senior dan berkemampuan ITE (Informasi dan Transaksi Elektronik) serta dapat dilaksanakan berlanjut dan berkesinambungan selanjutnya berdampak meningkatkan pelayanan publik, karena mengeliminir bolak baliknya berkas perkara, mengurangi komplain serta akan menuju sebuah prosesi pelayanan penegakan hukum yang cepat, terjangkau/ murah dan memenuhi rasa keadilan.</subfield>
    </datafield>
    <datafield tag="650" ind1=" " ind2=" ">
      <subfield code="a">Peningkatan Kualitas</subfield>
    </datafield>
  </record>
</collection>
